Estatísticas para Todos os países que já participaram da Copa do Mundo

Clique aqui para jogar o quiz

Estatísticas Gerais

  • Esse quiz foi jogado 54 vezes
  • A pontuação média é 57 de 82

Estatísticas das Respostas

PaísParticipaçõesContinente% Correto
Brasil22América do Sul
100%
Itália18Europa
100%
Uruguai14América do Sul
100%
Alemanha20Europa
97%
Argentina18América do Sul
97%
México17América do Norte
97%
Portugal8Europa
97%
Chile10América do Sul
95%
Colômbia6América do Sul
95%
Espanha16Europa
95%
Estados Unidos11América do Norte
95%
França16Europa
95%
Inglaterra16Europa
95%
Japão7Ásia
92%
Bolívia3América do Sul
89%
Paraguai8América do Sul
89%
Peru5América do Sul
89%
Rússia4Europa
89%
Canadá2América do Norte
86%
Coreia do Norte2Ásia
86%
Coreia do Sul11Ásia
86%
Suécia12Europa
86%
Países Baixos11Europa
84%
Bélgica14Europa
81%
Equador4América do Sul
81%
Marrocos6África
81%
Noruega3Europa
81%
Panamá1América Central
81%
Sérvia3Europa
81%
Suíça12Europa
81%
Austrália6Oceania
78%
Costa Rica6América Central
78%
Croácia6Europa
78%
Hungria9Europa
78%
África do Sul3África
76%
Polônia9Europa
76%
Nova Zelândia2Oceania
73%
República Checa1Europa
73%
Romênia7Europa
73%
Eslováquia1Europa
70%
Grécia3Europa
70%
Honduras3América Central
70%
Irlanda3Europa
70%
Bósnia e Herzegovina1Europa
68%
Dinamarca6Europa
68%
Irã6Ásia
68%
Bulgária7Europa
65%
Eslovênia2Europa
65%
Turquia2Europa
65%
Arábia Saudita6Ásia
62%
Argélia4África
62%
Cuba1América Central
62%
Egito3África
62%
El Salvador2América Central
62%
Gana4África
62%
Iugoslávia10Europa
62%
Tunísia6África
62%
Ucrânia1Europa
62%
Angola1África
59%
Áustria8Europa
59%
Camarões8África
59%
Catar1Ásia
59%
Costa do Marfim3África
59%
Iraque1Ásia
59%
Nigéria6África
59%
Senegal3África
59%
União Soviética7Europa
59%
Escócia8Europa
57%
Islândia1Europa
57%
País de Gales2Europa
57%
Haiti1América Central
51%
Tchecoslováquia8Europa
49%
Jamaica1América Central
46%
Zaire1África
46%
Togo1África
43%
Irlanda do Norte3Europa
38%
Israel1Ásia
38%
Kuwait1Ásia
30%
Alemanha Oriental1Europa
27%
Emirados Árabes Unidos1Ásia
19%
Trinidade e Tobago1América Central
16%
Índias Orientais Neerlandesas1Ásia
5%

Distribuição das Pontuações

Percentil de Números Respondidos

Porcentagem de Pessoas com Cada Pontuação

Sua Pontuação Histórica

Você não jogou esse quiz